书目信息 |
| 题名: |
最新中国考古大发现
|
|
| 作者: | 许虹 , 范大鹏 主编 | |
| 分册: | ||
| 出版信息: | 济南 山东画报出版社 2002.09 |
|
| 页数: | 209页 | |
| 开本: | 26cm | |
| 丛书名: | ||
| 单 册: | ||
| 中图分类: | K , K87-49 | |
| 科图分类: | ||
| 主题词: | 文物--考古--中国 | |
| 电子资源: | ||
| ISBN: | 7-80603-649-0 | |
| 000 | 00763nam0 2200229 45 | |
| 001 | 0355078964 | |
| 005 | 2003041515175896 | |
| 010 | @a7-80603-649-0@dRMB 35.00 | |
| 100 | @a20030415d2002 km y0chiy0120 ea | |
| 101 | 0 | @achi |
| 102 | @aCN@b370000 | |
| 200 | 1 | @a最新中国考古大发现@Azui xin zhong guo kao gu da fa xian@e中国最近20年32次考古新发现@f许虹,范大鹏主编@Fxu hong,fan da peng zhu bian |
| 210 | @a济南@c山东画报出版社@d2002.09 | |
| 215 | @a209页@d26cm | |
| 517 | @a中国最近20年32次考古新发现@Azhong guo zui jin 20 nian 32 ci kao gu xin fa xian | |
| 606 | 0 | @a文物@x考古@x中国 |
| 690 | @aK@v3 | |
| 690 | @aK87-49@v4 | |
| 701 | 0 | @a许虹@Axu hong@4主编 |
| 701 | 0 | @a范大鹏@Afan da peng@4主编 |
| 801 | 0 | @aCN@bPFT@c20030415 |
| 905 | @a10447@dK87-49@eX862 | |
| 最新中国考古大发现:中国最近20年32次考古新发现/许虹,范大鹏主编.-济南:山东画报出版社,2002.09 |
| 209页;26cm |
| ISBN 7-80603-649-0:RMB 35.00 |
| ● |
| 相关链接 |
|
|
|
正题名:最新中国考古大发现
索取号:K87-49/X862
 
预约/预借
| 序号 | 登录号 | 条形码 | 馆藏地/架位号 | 状态 | 备注 |
| 1 | 365607 | 203656070 | 社科库309/309社科库 7排3列1层/ [索取号:K87-49/X862] | 在馆 | |
| 2 | 365608 | 203656089 | 社科库309/309社科库 7排3列1层/ [索取号:K87-49/X862] | 在馆 |